zpět

Detail výsledku týmu

Hoffmanův dvůr - Vinoř, Praha

Datum a čas kvízu

37.5 Celkem bodů Celkový počet nahraných bodů na tomto kvízu bez doplňovacích otázek.
4. Pořadí na kvízu Konečné umístění týmu na tomto kvízu.

Zaznamenané odpovědi

# Otázka Odpověď Body Výsledky
1. Minulý týden se stalo hitem so... (Ford) Mustang, žlutá barva 0.5
2. Minulý týden došlo v USA ke zř... Baltimore 1
3. Pondělní vyřizování účtů mezi... Aleš Bejr 0
4. V pondělí oznámila síň Heritag... D) rám dveří, na němž se Rose zachránila 0
5. Český snowboardista Radek Hous... obarvit se na blond 1
6. Věříme, že ovládáte velkou pal... Drahá vlasti 1
7. Zhruba 56 tisíc lidí obývá ost... Grónsko 1
8. Vyberte zemi, jejíž zkratka ná... C 1
9. Švýcarsko má čtyři úřední jazy... 1C 2A 3D 4B 1
10. Na snímku z letiště můžete spa... Dublin 1